[Event "Junior Online 4NCL Division 2"]
[Site "online"]
[Date "2020.08.20"]
[Round "1.125"]
[White "Asensio, Tomas"]
[Black "Tathare, Rohan"]
[Result "0-1"]
[WhiteElo "1007"]
[BlackElo "1232"]
[PlyCount "138"]
[EventDate "2020.08.20"]
[WhiteTeam "Robin Hoods 3"]
[BlackTeam "Watford Juniors C"]

1. d4 d5 2. Nc3 Nf6 3. Bf4 a6 4. e3 Bf5 5. Bd3 Bxd3 6. Qxd3 Nc6 7. Nf3 e6 8. a3
Bd6 9. Bg3 Bxg3 10. hxg3 Qd7 11. Ne5 Nxe5 12. dxe5 Ng4 13. f4 O-O-O 14. Rh4 Nh6
15. Kf1 Kb8 16. b4 f6 17. Ne2 fxe5 18. fxe5 Rdf8+ 19. Ke1 Nf5 20. Rg4 Qf7 21.
Nf4 Nh6 22. Rh4 Ng8 23. c4 Ne7 24. cxd5 Nxd5 25. Ra2 Nxf4 26. Rxf4 Qe8 27. Qc3
Rxf4 28. exf4 h5 29. Rc2 Qd8 30. Rd2 Qc8 31. a4 h4 32. b5 hxg3 33. Qxg3 Rg8 34.
bxa6 b6 35. a5 Qxa6 36. Qc3 Qxa5 37. Rc2 Qxc3+ 38. Rxc3 Kb7 39. Kd2 c5 40. Kd3
Kc6 41. Kc4 b5+ 42. Kb3 c4+ 43. Kb4 Ra8 44. Ra3 Rxa3 45. Kxa3 Kc5 46. g3 b4+
47. Kb2 b3 48. Kc3 Kd5 49. g4 Ke4 50. f5 exf5 51. gxf5 Kxe5 52. Kxc4 Kxf5 53.
Kxb3 Kf4 54. Kc3 g5 55. Kd2 g4 56. Ke2 Kg3 57. Kf1 Kh2 58. Kf2 g3+ 59. Kf1 g2+
60. Kf2 g1=Q+ 61. Kf3 Qc1 62. Kf2 Qc3 63. Ke2 Kh3 64. Kf2 Kh4 65. Ke2 Kg4 66.
Kf2 Qd3 67. Kg2 Qd2+ 68. Kf1 Kg3 69. Kg1 Qd1# 0-1

[Event "Junior Online 4NCL Division 2"]
[Site "online"]
[Date "2020.08.20"]
[Round "1.126"]
[White "Chadha, Ishaan"]
[Black "Babu, Guhan"]
[Result "1-0"]
[WhiteElo "1142"]
[BlackElo "1037"]
[PlyCount "61"]
[EventDate "2020.08.20"]
[WhiteTeam "Watford Juniors C"]
[BlackTeam "Robin Hoods 3"]

1. e4 e5 2. Nf3 Nc6 3. Nc3 Nf6 4. a3 d6 5. Bc4 g6 6. d3 Bg7 7. Be3 O-O 8. d4
exd4 9. Bxd4 Nxd4 10. Nxd4 c5 11. Nb3 Re8 12. f3 Bd7 13. Qd3 b5 14. Bxb5 Bxb5
15. Nxb5 d5 16. Nxc5 Nxe4 17. fxe4 dxe4 18. Qxd8 Raxd8 19. Nc7 Re5 20. b4 Rg5
21. O-O Bd4+ 22. Kh1 Bxa1 23. Rxa1 Rd2 24. Nxe4 Rgxg2 25. Nxd2 Rxd2 26. Rc1 Rd7
27. Nb5 Rb7 28. Nc3 Rc7 29. Nd5 Rd7 30. Nf6+ Kg7 31. Nxd7 1-0

[Event "Junior Online 4NCL Division 2"]
[Site "online"]
[Date "2020.08.20"]
[Round "1.127"]
[White "Stoyanov, Boris"]
[Black "Keerthi Kumar, Advait"]
[Result "0-1"]
[WhiteElo "775"]
[BlackElo "1157"]
[PlyCount "70"]
[EventDate "2020.08.20"]
[WhiteTeam "Robin Hoods 3"]
[BlackTeam "Watford Juniors C"]

1. e4 e5 2. Nf3 Nc6 3. Bc4 Be7 4. Nc3 Nf6 5. d3 O-O 6. O-O d6 7. Be3 Bg4 8. h3
Bh5 9. g4 Bg6 10. Qd2 h5 11. Bh6 gxh6 12. Qxh6 hxg4 13. hxg4 Bh7 14. Ng5 Qd7
15. f4 Qxg4+ 16. Kh1 Qh5+ 17. Qxh5 Nxh5 18. fxe5 Ng3+ 19. Kg1 Nxf1 20. Rxf1
Bxg5 21. Nd5 dxe5 22. Kg2 Kh8 23. Nxc7 Rac8 24. Nd5 Nd4 25. b3 Nxc2 26. Kg3 Ne3
27. Rh1 Nxd5 28. Bxd5 Bf4+ 29. Kg4 Rg8+ 30. Kf3 Rg3+ 31. Kf2 Rc2+ 32. Kf1 Rxd3
33. Ke1 Rdd2 34. Rxh7+ Kxh7 35. Bxf7 Rc1# 0-1

[Event "Junior Online 4NCL Division 2"]
[Site "online"]
[Date "2020.08.20"]
[Round "1.131"]
[White "Lievens, Karel"]
[Black "Evans, Ruben"]
[Result "1-0"]
[WhiteElo "1416"]
[BlackElo "1750"]
[PlyCount "143"]
[EventDate "2020.08.20"]
[WhiteTeam "St Benildus"]
[BlackTeam "Rovers United"]

1. e4 e6 2. d4 d5 3. exd5 exd5 4. Nf3 Nf6 5. Bd3 Be7 6. O-O O-O 7. c3 c6 8. Qc2
Bg4 9. Ne5 Bh5 10. Bg5 h6 11. Be3 Nbd7 12. f4 Nxe5 13. fxe5 Ng4 14. Bf4 Bg5 15.
Qd2 Bxf4 16. Qxf4 Qg5 17. Qxg5 hxg5 18. Nd2 f6 19. h3 Nh6 20. Rae1 f5 21. Nf3
g4 22. Ng5 gxh3 23. Nxh3 Bg4 24. Nf4 Rae8 25. Be2 g5 26. Bxg4 Nxg4 27. Nh3 Kg7
28. Nxg5 Kg6 29. Nh3 Rh8 30. Nf4+ Kg5 31. Rf3 Rh7 32. Rh3 Rxh3 33. Nxh3+ Kg6
34. Nf2 Kg5 35. Nxg4 Kxg4 36. Kf2 f4 37. Rh1 Re7 38. Rh3 Kf5 39. Rf3 Ke4 40.
Rh3 Kf5 41. Kf3 Rg7 42. Rh5+ Ke6 43. Rh6+ Kf5 44. Rh5+ Kg6 45. Rh4 Re7 46. Rg4+
Kh5 47. Rxf4 Kg5 48. g4 Rh7 49. Rf5+ Kg6 50. Rh5 Rxh5 51. gxh5+ Kxh5 52. Kf4
Kg6 53. Kg4 a5 54. b3 b6 55. c4 b5 56. cxb5 cxb5 57. Kf4 a4 58. bxa4 bxa4 59.
a3 Kf7 60. Kf5 Ke7 61. e6 Ke8 62. Ke5 Ke7 63. Kxd5 Ke8 64. Ke5 Ke7 65. d5 Ke8
66. d6 Kf8 67. Kf6 Ke8 68. d7+ Kd8 69. e7+ Kxd7 70. Kf7 Kc6 71. e8=Q+ Kc5 72.
Qxa4 1-0

[Event "Junior Online 4NCL Division 2"]
[Site "online"]
[Date "2020.08.20"]
[Round "1.132"]
[White "Whitney, Dylan"]
[Black "Liu, Wenle"]
[Result "0-1"]
[WhiteElo "1547"]
[BlackElo "1162"]
[PlyCount "38"]
[EventDate "2020.08.20"]
[WhiteTeam "Rovers United"]
[BlackTeam "St Benildus"]

1. e4 e6 2. Nc3 d5 3. exd5 exd5 4. d4 c6 5. Nf3 Bd6 6. Bd3 Nf6 7. O-O O-O 8. h3
h6 9. Re1 Be6 10. Be3 Re8 11. Qd2 Bf8 12. Bf4 Nbd7 13. a3 Nb6 14. Re2 Qd7 15.
Rae1 Nh5 16. Na2 Nxf4 17. Qxf4 a5 18. Nc1 Bd6 19. b3 Bxf4 0-1

[Event "Junior Online 4NCL Division 2"]
[Site "online"]
[Date "2020.08.20"]
[Round "1.133"]
[White "Hand, Joseph"]
[Black "Conway-Lees, Joe"]
[Result "1-0"]
[WhiteElo "1092"]
[BlackElo "1525"]
[PlyCount "111"]
[EventDate "2020.08.20"]
[WhiteTeam "St Benildus"]
[BlackTeam "Rovers United"]

1. e4 e6 2. d4 d5 3. e5 c5 4. Nf3 Qb6 5. Nc3 Nc6 6. Bb5 Bd7 7. O-O cxd4 8. Nxd4
Qxd4 9. Bxc6 Qxd1 10. Bxd7+ Kxd7 11. Rxd1 f6 12. Bf4 fxe5 13. Bxe5 Nf6 14. Bxf6
gxf6 15. Nxd5 exd5 16. Rxd5+ Kc6 17. Rad1 Re8 18. b4 Re1+ 19. Rxe1 Kxd5 20.
Rd1+ Kc4 21. a3 a5 22. bxa5 Bxa3 23. Rd7 Re8 24. g3 Re2 25. Rc7+ Kb5 26. Rxb7+
Kxa5 27. Ra7+ Kb6 28. Rxa3 Rxc2 29. Rb3+ Kc6 30. Rf3 Kd5 31. Rxf6 Ke5 32. Rf7
Ke4 33. Rxh7 Kf3 34. Rf7+ Ke2 35. Re7+ Kf3 36. Rf7+ Ke2 37. h4 Rc1+ 38. Kg2 Rc4
39. Re7+ Kd3 40. Kf3 Kd4 41. Re4+ Kd5 42. Rxc4 Kxc4 43. h5 Kd5 44. h6 Ke6 45.
h7 Kf7 46. h8=Q Ke6 47. Qg7 Kd5 48. Qf6 Kc5 49. Qe6 Kd4 50. Qe4+ Kc3 51. Ke3
Kb2 52. Qc4 Ka3 53. Kd2 Kb2 54. Qb4+ Ka2 55. Kc2 Ka1 56. Qb2# 1-0

[Event "Junior Online 4NCL Division 2"]
[Site "online"]
[Date "2020.08.20"]
[Round "1.134"]
[White "Cooper, Dylan E"]
[Black "Bueckert, Diana"]
[Result "1/2-1/2"]
[WhiteElo "1300"]
[BlackElo "965"]
[PlyCount "65"]
[EventDate "2020.08.20"]
[WhiteTeam "Rovers United"]
[BlackTeam "St Benildus"]

1. d4 Nf6 2. Bg5 d5 3. e3 e6 4. Bd3 c5 5. c3 Nc6 6. Nf3 Bd6 7. O-O O-O 8. Nbd2
h6 9. Bh4 e5 10. e4 cxd4 11. exd5 Ne7 12. Bxf6 gxf6 13. cxd4 Nxd5 14. Be4 Nf4
15. Nc4 exd4 16. Nxd4 Bc5 17. Nf5 Qxd1 18. Raxd1 Bxf5 19. Bxf5 Rad8 20. g3 Ne2+
21. Kg2 Nd4 22. Ne3 Nxf5 23. Nxf5 Kh7 24. a3 Kg6 25. Nh4+ Kh7 26. b4 Bb6 27.
Nf5 Bc7 28. f4 Rfe8 29. Kf3 Kg6 30. Nh4+ Kh7 31. Nf5 Kg6 32. Nh4+ Kh7 33. Nf5
1/2-1/2

[Event "Junior Online 4NCL Division 2"]
[Site "online"]
[Date "2020.08.20"]
[Round "1.135"]
[White "Evans, Ruben"]
[Black "Lievens, Karel"]
[Result "0-1"]
[WhiteElo "1750"]
[BlackElo "1416"]
[PlyCount "82"]
[EventDate "2020.08.20"]
[WhiteTeam "Rovers United"]
[BlackTeam "St Benildus"]

1. d4 d5 2. c4 c6 3. cxd5 cxd5 4. Nc3 Nf6 5. Bf4 Nc6 6. Rc1 a6 7. e3 Bf5 8. Bd3
Bxd3 9. Qxd3 e6 10. Nf3 Be7 11. O-O O-O 12. a3 Na5 13. Nd2 Rc8 14. b4 Nc4 15.
Nxc4 dxc4 16. Qe2 Nd5 17. Bg3 Nxc3 18. Rxc3 b5 19. Rd1 Qd7 20. e4 Bf6 21. e5
Be7 22. Qg4 Qd5 23. Bf4 Rfd8 24. Bh6 Bf8 25. Rg3 g6 26. Bxf8 Kxf8 27. Rc3 Kg7
28. h4 Qd7 29. Qg5 Rc7 30. Qf6+ Kg8 31. h5 Qe7 32. Qf4 Rd5 33. h6 Rcd7 34. g4
Qd8 35. Rf3 Qe7 36. Kg2 Qd8 37. Kg3 Qe7 38. Qe4 Qd8 39. Rf4 g5 40. Rf6 Rxd4 41.
Qe3 Rd3 0-1

[Event "Junior Online 4NCL Division 2"]
[Site "online"]
[Date "2020.08.20"]
[Round "1.136"]
[White "Liu, Wenle"]
[Black "Whitney, Dylan"]
[Result "1-0"]
[WhiteElo "1162"]
[BlackElo "1547"]
[PlyCount "41"]
[EventDate "2020.08.20"]
[WhiteTeam "St Benildus"]
[BlackTeam "Rovers United"]

1. e4 e5 2. Nf3 Nc6 3. Bc4 Bc5 4. Nc3 Nf6 5. d3 h6 6. O-O d6 7. Be3 Bb4 8. Ne2
Bg4 9. Ng3 d5 10. exd5 Nxd5 11. h3 Nxe3 12. fxe3 Bxf3 13. Qxf3 O-O 14. Bxf7+
Kh8 15. Qh5 Bc5 16. Rfe1 Qe7 17. Bc4 Bb4 18. c3 Bc5 19. Nf5 Qf6 20. Rf1 g6 21.
Qxh6# 1-0

[Event "Junior Online 4NCL Division 2"]
[Site "online"]
[Date "2020.08.20"]
[Round "1.137"]
[White "Conway-Lees, Joe"]
[Black "Hand, Joseph"]
[Result "0-1"]
[WhiteElo "1525"]
[BlackElo "1092"]
[PlyCount "34"]
[EventDate "2020.08.20"]
[WhiteTeam "Rovers United"]
[BlackTeam "St Benildus"]

1. e4 e5 2. Nf3 Nc6 3. Bb5 Nf6 4. O-O d5 5. exd5 Qxd5 6. Bxc6+ Qxc6 7. Nxe5 Qb5
8. Nc3 Qa5 9. Re1 Be7 10. d4 O-O 11. Nc4 Qb4 12. Qd3 Be6 13. Ne5 Rad8 14. Be3
c5 15. Ne2 c4 16. Qc3 Qb5 17. a3 Ne4 0-1

[Event "Junior Online 4NCL Division 2"]
[Site "online"]
[Date "2020.08.20"]
[Round "1.138"]
[White "Bueckert, Diana"]
[Black "Cooper, Dylan E"]
[Result "1/2-1/2"]
[WhiteElo "965"]
[BlackElo "1300"]
[PlyCount "72"]
[EventDate "2020.08.20"]
[WhiteTeam "St Benildus"]
[BlackTeam "Rovers United"]

1. d4 Nf6 2. Nf3 g6 3. e3 Bg7 4. Be2 O-O 5. O-O d6 6. c4 Nbd7 7. Nc3 c5 8. b3
b6 9. Bb2 Bb7 10. Qc2 Rc8 11. d5 e6 12. dxe6 fxe6 13. Nb5 Qe7 14. Nxa7 Rce8 15.
Nb5 Ne4 16. Bxg7 Kxg7 17. Rfd1 Ndf6 18. Qb2 e5 19. Qc2 Ng4 20. Rf1 Nexf2 21.
Rxf2 e4 22. Rff1 Nxe3 23. Qc3+ Qf6 24. Qxf6+ Rxf6 25. Nd2 Nxf1 26. Rxf1 Ref8
27. Re1 Rf2 28. Nxd6 e3 29. Nf3 Bxf3 30. Bxf3 Rxa2 31. Rxe3 g5 32. Re7+ Kh6 33.
Nf7+ Kg6 34. Bd5 Ra1+ 35. Kf2 Ra2+ 36. Kg3 Rb2 1/2-1/2

[Event "Junior Online 4NCL Division 2"]
[Site "online"]
[Date "2020.08.20"]
[Round "1.141"]
[White "Khanna, Pranav"]
[Black "Atkinson, Matthew"]
[Result "1-0"]
[WhiteElo "1600"]
[BlackElo "1255"]
[PlyCount "87"]
[EventDate "2020.08.20"]
[WhiteTeam "Harrow Juniors B"]
[BlackTeam "SASCA Sharks"]

1. e4 e5 2. Nf3 Nc6 3. Bb5 Nf6 4. O-O Bc5 5. d3 O-O 6. Bxc6 dxc6 7. h3 Be6 8.
Nxe5 Qd4 9. Nf3 Qd6 10. e5 Qe7 11. exf6 Qxf6 12. Nc3 Bd5 13. Be3 Bxf3 14. Qxf3
Be7 15. Qxf6 Bxf6 16. Ne4 Bxb2 17. Rab1 Be5 18. Rxb7 Rfb8 19. Rfb1 f5 20. Rxb8+
Rxb8 21. Rxb8+ Kf7 22. Ng5+ Kg6 23. d4 Bd6 24. c4 c5 25. dxc5 Be5 26. Rb7 c6
27. Rxa7 f4 28. Ne4 fxe3 29. fxe3 Bb8 30. Ra6 Kf5 31. Nd6+ Ke6 32. Rxc6 Kd7 33.
Rb6 Bc7 34. Rb7 Kd8 35. a4 g6 36. Nb5 Ba5 37. Ra7 Bb4 38. c6 Bc5 39. Rd7+ Kc8
40. Kf2 h6 41. Rh7 g5 42. c7 Bb6 43. Rh8+ Kd7 44. c8=Q+ 1-0

[Event "Junior Online 4NCL Division 2"]
[Site "online"]
[Date "2020.08.20"]
[Round "1.142"]
[White "Wang, Xiaorui"]
[Black "Parikh, Naavya"]
[Result "0-1"]
[WhiteElo "1262"]
[BlackElo "1420"]
[PlyCount "64"]
[EventDate "2020.08.20"]
[WhiteTeam "SASCA Sharks"]
[BlackTeam "Harrow Juniors B"]

1. e4 e5 2. d4 exd4 3. c3 dxc3 4. Bc4 cxb2 5. Bxb2 Bb4+ 6. Nd2 Bxd2+ 7. Qxd2 f6
8. Nf3 Nc6 9. Qf4 d6 10. Ng5 Nh6 11. Ne6 Bxe6 12. Bxe6 Qe7 13. Bd5 Ne5 14. Bxb7
Nd3+ 15. Kd1 Nxf4 16. Bxa8 O-O 17. g3 Nd3 18. Bd5+ Kh8 19. Bd4 c5 20. Be3 Ng4
21. Ke2 Nxe3 22. Kxe3 Nb4 23. Bb3 d5 24. Kd2 Qxe4 25. Rae1 Qd4+ 26. Kc1 Qxf2
27. a3 Nd3+ 28. Kd1 Nxe1 29. Rxe1 h6 30. Re2 Qd4+ 31. Ke1 c4 32. Bc2 Qc3+ 0-1

[Event "Junior Online 4NCL Division 2"]
[Site "online"]
[Date "2020.08.20"]
[Round "1.143"]
[White "Sankar, Dheekshitha"]
[Black "Harper, Luke"]
[Result "1-0"]
[WhiteElo "1352"]
[BlackElo "1225"]
[PlyCount "53"]
[EventDate "2020.08.20"]
[WhiteTeam "Harrow Juniors B"]
[BlackTeam "SASCA Sharks"]

1. e4 e5 2. Nf3 f5 3. Nxe5 d6 4. Nc4 fxe4 5. Nc3 d5 6. Ne3 d4 7. Qh5+ Ke7 8.
Ned5+ Kd6 9. Nxe4+ Kc6 10. Bc4 b5 11. Bb3 Bb7 12. Qf7 Ne7 13. Qe6+ Qd6 14. Nxd6
cxd6 15. Nxe7+ Kc5 16. Nf5 Bxg2 17. Rg1 Bh3 18. Qd5+ Kb6 19. Qxa8 Kc7 20. Nxd4
Be7 21. d3 h6 22. Bd5 Re8 23. Qb7+ Kd8 24. Qxb8+ Bc8 25. Bb7 Kd7 26. Bc6+ Kd8
27. Ne6# 1-0

[Event "Junior Online 4NCL Division 2"]
[Site "online"]
[Date "2020.08.20"]
[Round "1.144"]
[White "Dewis, Oliver"]
[Black "Evans, Daniel"]
[Result "0-1"]
[WhiteElo "1075"]
[BlackElo "1217"]
[PlyCount "78"]
[EventDate "2020.08.20"]
[WhiteTeam "SASCA Sharks"]
[BlackTeam "Harrow Juniors B"]

1. d4 Nf6 2. c4 e6 3. Be3 d5 4. Nd2 c6 5. Ngf3 Bd6 6. c5 Bc7 7. Bg5 h6 8. Bxf6
Qxf6 9. e3 Nd7 10. Bd3 Nf8 11. O-O g5 12. Qc2 g4 13. Qc3 gxf3 14. Nxf3 Rg8 15.
Ne5 Bxe5 16. dxe5 Qg5 17. g3 Ng6 18. Qd4 Nh4 19. Qxh4 Qxh4 20. Kh1 Qb4 21. b3
d4 22. exd4 Qxd4 23. Rfd1 Qxf2 24. Rf1 Qxc5 25. Bh7 Rg5 26. Kg2 Qxe5 27. Rf3
Qxa1 28. h4 Qxa2+ 29. Rf2 Qa6 30. hxg5 hxg5 31. Bg8 f5 32. Rd2 Bd7 33. Rd1 Qe2+
34. Kh3 Qxd1 35. g4 fxg4+ 36. Kg2 Qf3+ 37. Kg1 Ke7 38. Bh7 Rh8 39. Bc2 Rh1# 0-1

[Event "Junior Online 4NCL Division 2"]
[Site "online"]
[Date "2020.08.20"]
[Round "1.145"]
[White "Atkinson, Matthew"]
[Black "Khanna, Pranav"]
[Result "0-1"]
[WhiteElo "1255"]
[BlackElo "1600"]
[PlyCount "96"]
[EventDate "2020.08.20"]
[WhiteTeam "SASCA Sharks"]
[BlackTeam "Harrow Juniors B"]

1. e4 e5 2. Nf3 Nc6 3. Bc4 Nf6 4. Ng5 d5 5. exd5 Na5 6. Bb5+ c6 7. dxc6 bxc6 8.
Bd3 h6 9. Nf3 e4 10. Qe2 Qe7 11. Nc3 exd3 12. Qxe7+ Bxe7 13. cxd3 O-O 14. O-O
Nb7 15. b3 Nc5 16. d4 Nd3 17. Ne1 Nxc1 18. Rxc1 Ba6 19. d3 Rfe8 20. Na4 Bd6 21.
Rxc6 Re6 22. Rxa6 Bxh2+ 23. Kxh2 Rxa6 24. Nf3 Re8 25. Ne5 Rd6 26. Nf3 Re2 27.
Nc3 Rc2 28. Nb5 Rb6 29. d5 Nxd5 30. Nxa7 Rc7 31. Re1 Rxa7 32. Re8+ Kh7 33. Rc8
Rxa2 34. Rc5 Nf6 35. Ne5 Rxf2 36. Nxf7 Rxb3 37. Kg3 Rd2 38. Ne5 Ne4+ 39. Kf4
Nxc5 40. Ke3 Rxg2 41. Kd4 Ne6+ 42. Kc4 Rb8 43. Kd5 Rg5 44. Kxe6 Re8+ 45. Kd5
Rgxe5+ 46. Kc4 Rd8 47. d4 Re4 48. Kc5 Rexd4 0-1

[Event "Junior Online 4NCL Division 2"]
[Site "online"]
[Date "2020.08.20"]
[Round "1.146"]
[White "Parikh, Naavya"]
[Black "Wang, Xiaorui"]
[Result "1-0"]
[WhiteElo "1420"]
[BlackElo "1262"]
[PlyCount "63"]
[EventDate "2020.08.20"]
[WhiteTeam "Harrow Juniors B"]
[BlackTeam "SASCA Sharks"]

1. e4 e5 2. Nf3 Nc6 3. Bc4 Bc5 4. d3 Nf6 5. Bg5 h6 6. Bh4 d6 7. h3 Be6 8. Bb3
O-O 9. Nc3 Bb4 10. Qd2 a6 11. a3 Bc5 12. Bxe6 fxe6 13. O-O-O b5 14. Na2 a5 15.
Kb1 b4 16. a4 Rb8 17. b3 d5 18. Rhe1 dxe4 19. dxe4 Qxd2 20. Rxd2 Rbc8 21. Bg3
Rcd8 22. Red1 Rxd2 23. Nxd2 Rd8 24. f3 Be3 25. Be1 Nd4 26. Kc1 Nc6 27. Kb2 Bd4+
28. Kb1 Bc5 29. Nc1 Rd7 30. Nd3 Bd4 31. Nc4 Be3 32. Nxe3 1-0

[Event "Junior Online 4NCL Division 2"]
[Site "online"]
[Date "2020.08.20"]
[Round "1.147"]
[White "Harper, Luke"]
[Black "Sankar, Dheekshitha"]
[Result "0-1"]
[WhiteElo "1225"]
[BlackElo "1352"]
[PlyCount "88"]
[EventDate "2020.08.20"]
[WhiteTeam "SASCA Sharks"]
[BlackTeam "Harrow Juniors B"]

1. d4 d5 2. c4 e6 3. e3 Nf6 4. Nf3 Nc6 5. cxd5 exd5 6. Bb5 Bd7 7. Bxc6 Bxc6 8.
Ne5 Bd6 9. Nxc6 bxc6 10. O-O O-O 11. Nc3 h6 12. Re1 Re8 13. a3 c5 14. dxc5 Bxc5
15. Na4 Bd6 16. Nc3 Be5 17. e4 dxe4 18. Qxd8 Raxd8 19. Nxe4 Nxe4 20. Bxh6 gxh6
21. Rxe4 Bxh2+ 22. Kxh2 Rxe4 23. f3 Re2 24. Kg3 Rxb2 25. Rc1 Rdd2 26. Kf4 Rxg2
27. Rxc7 a5 28. Rc5 Ra2 29. Rxa5 Rgb2 30. Ke4 Rb3 31. Ra8+ Kg7 32. a4 Rb4+ 33.
Kf5 Raxa4 34. Rxa4 Rxa4 35. f4 f6 36. Kg4 Kg6 37. Kf3 Kf5 38. Kg3 Rxf4 39. Kg2
Kg4 40. Kg1 Rf3 41. Kg2 f5 42. Kh2 Rf2+ 43. Kg1 Kg3 44. Kh1 Rf1# 0-1

[Event "Junior Online 4NCL Division 2"]
[Site "online"]
[Date "2020.08.20"]
[Round "1.148"]
[White "Evans, Daniel"]
[Black "Dewis, Oliver"]
[Result "1-0"]
[WhiteElo "1217"]
[BlackElo "1075"]
[PlyCount "145"]
[EventDate "2020.08.20"]
[WhiteTeam "Harrow Juniors B"]
[BlackTeam "SASCA Sharks"]

1. c4 Nc6 2. g3 Nf6 3. Bg2 d5 4. cxd5 Nxd5 5. Nc3 Nxc3 6. bxc3 Qd7 7. e3 Qg4 8.
Qxg4 Bxg4 9. Bf3 Ne5 10. Bxg4 Nxg4 11. h3 Ne5 12. Ke2 Rd8 13. d4 Nc4 14. Kd3
Nb6 15. Bb2 e6 16. Nf3 Bd6 17. e4 O-O 18. e5 Be7 19. Nd2 Bg5 20. Ne4 Bh6 21. g4
Bf4 22. Nc5 Nd5 23. Nxb7 Rb8 24. Nc5 Rxb2 25. Rhf1 Rd2+ 26. Ke4 Re2+ 27. Kf3
Rd2 28. c4 Rxd4 29. cxd5 Bxe5 30. dxe6 Rd5 31. exf7+ Rxf7+ 32. Ke4 Rxc5 33.
Rac1 Rf4+ 34. Ke3 Rxc1 35. Rxc1 Rf8 36. Ke4 Bf4 37. Rc6 Bh2 38. f3 a5 39. Ra6
Re8+ 40. Kd3 Bd6 41. Rxa5 Bb4 42. Rb5 Rd8+ 43. Ke4 Re8+ 44. Kd5 Bc3 45. Rb7
Rd8+ 46. Kc6 Rf8 47. Rxc7 Be5 48. Re7 Bf6 49. Ra7 Bd4 50. Ra3 Bf6 51. Kb5 Be7
52. Ra7 Rb8+ 53. Ka4 Bc5 54. Rc7 Bd6 55. Rc6 Be7 56. Ka5 Ra8+ 57. Ra6 Rxa6+ 58.
Kxa6 Bf6 59. a4 Bd8 60. a5 h6 61. Kb5 Kf7 62. a6 Bc7 63. a7 Ke7 64. a8=Q g5 65.
Qb7 Kd7 66. Qc6+ Kc8 67. Kc5 Kd8 68. Kd5 Kc8 69. Ke6 Kb8 70. Kd7 Bg3 71. Qc8+
Ka7 72. Kc6 Bb8 73. Qb7# 1-0

[Event "Junior Online 4NCL Division 2"]
[Site "online"]
[Date "2020.08.20"]
[Round "1.151"]
[White "Datoo, Noor"]
[Black "Heard, Tom"]
[Result "0-1"]
[WhiteElo "1240"]
[BlackElo "1540"]
[PlyCount "80"]
[EventDate "2020.08.20"]
[WhiteTeam "Leicestershire Juniors 2"]
[BlackTeam "KJCA Young Kestrels E"]

1. e4 e5 2. Nf3 Nc6 3. Bc4 Nf6 4. Nc3 Nxe4 5. Nxe4 d5 6. Bxd5 Qxd5 7. Nc3 Qd8
8. d3 Bg4 9. h3 Bh5 10. g4 Bg6 11. Be3 Bb4 12. Bd2 Qd7 13. Qe2 Bd6 14. O-O-O
O-O-O 15. Nd5 Rhe8 16. Nc3 Nd4 17. Qe3 Bc5 18. Ne4 Nb3+ 19. axb3 Bxe3 20. Bxe3
Qc6 21. Ned2 e4 22. Nd4 Qf6 23. Bg5 Qxg5 24. dxe4 Rxd4 25. f3 Red8 26. Rh2 Qf4
27. Re2 h5 28. c3 Rd3 29. Kc2 hxg4 30. hxg4 a5 31. b4 axb4 32. cxb4 f6 33. Ra1
Rxd2+ 34. Kb3 Rxe2 35. Ra8+ Kd7 36. Rxd8+ Kxd8 37. Ka4 Bf7 38. b3 c6 39. Ka5
Qc7+ 40. Ka4 Ra2# 0-1

[Event "Junior Online 4NCL Division 2"]
[Site "online"]
[Date "2020.08.20"]
[Round "1.152"]
[White "Nguyen, Ryan"]
[Black "Eradi, Madhav"]
[Result "1-0"]
[WhiteElo "1540"]
[BlackElo "1292"]
[PlyCount "71"]
[EventDate "2020.08.20"]
[WhiteTeam "KJCA Young Kestrels E"]
[BlackTeam "Leicestershire Juniors 2"]

1. e4 e5 2. Nf3 Nc6 3. Bc4 Bc5 4. c3 Nf6 5. d4 exd4 6. cxd4 Bb4+ 7. Nc3 Nxe4 8.
O-O Nxc3 9. bxc3 Bxc3 10. Qb3 Qf6 11. Qxc3 O-O 12. Bg5 Qd6 13. Rfe1 Qg6 14. d5
Nd8 15. Rab1 c6 16. Bd3 f5 17. dxc6 dxc6 18. Bf4 Qg4 19. Bd6 Rf6 20. Bc4+ Be6
21. Bxe6+ Nxe6 22. Rxb7 Rd8 23. Be7 Rg6 24. g3 Rc8 25. Ne5 Qh3 26. Nxg6 hxg6
27. Rxe6 Kf7 28. Rxc6 Rxc6 29. Qxc6 Kg8 30. Rb8+ Kh7 31. Bh4 Qg4 32. Qe8 Qd1+
33. Kg2 Qd5+ 34. Kh3 g5 35. Bxg5 Qh1 36. Qh5# 1-0

[Event "Junior Online 4NCL Division 2"]
[Site "online"]
[Date "2020.08.20"]
[Round "1.153"]
[White "Sinha, Aarav"]
[Black "Zhao, Wenyi"]
[Result "0-1"]
[WhiteElo "1217"]
[BlackElo "1540"]
[PlyCount "64"]
[EventDate "2020.08.20"]
[WhiteTeam "Leicestershire Juniors 2"]
[BlackTeam "KJCA Young Kestrels E"]

1. e4 e6 2. Nf3 d5 3. exd5 exd5 4. d4 Bd6 5. Nc3 Ne7 6. h3 f6 7. g3 Be6 8. Bd3
Nbc6 9. Be3 Qd7 10. O-O Bxh3 11. Re1 O-O-O 12. Qe2 h5 13. Nh4 g5 14. Ng6 Nxg6
15. Bxg6 f5 16. Bxg5 Rdg8 17. Bf6 Rh6 18. Bg5 Rhxg6 19. Qxh5 Bg4 20. Qh2 Rxg5
21. Nxd5 R8g7 22. Nf6 Qf7 23. Re8+ Nd8 24. Qh8 Be7 25. Rxe7 Qxe7 26. Nd5 Qd6
27. Ne3 Bh5 28. f4 Rg8 29. Qh7 Rxg3+ 30. Kf2 Qxf4+ 31. Ke1 Qxe3+ 32. Kf1 Rg1#
0-1

[Event "Junior Online 4NCL Division 2"]
[Site "online"]
[Date "2020.08.20"]
[Round "1.154"]
[White "Shkuratovskyi, Makariy"]
[Black "Shen, Alex"]
[Result "1-0"]
[WhiteElo "1375"]
[BlackElo "1195"]
[PlyCount "117"]
[EventDate "2020.08.20"]
[WhiteTeam "KJCA Young Kestrels E"]
[BlackTeam "Leicestershire Juniors 2"]

1. e4 e5 2. Nf3 Nc6 3. Bc4 Bc5 4. c3 Nf6 5. d4 exd4 6. cxd4 Bb4+ 7. Bd2 Nxe4 8.
Bxb4 Nxb4 9. Bxf7+ Kxf7 10. Qb3+ Kf8 11. Qxb4+ Kg8 12. O-O Kf7 13. Re1 Re8 14.
d5 d6 15. Rxe4 Rxe4 16. Qxe4 Kg8 17. Nc3 Qf6 18. Qe8+ Qf8 19. Qxf8+ Kxf8 20.
Re1 Bg4 21. Ng5 Kg8 22. Ne6 Re8 23. Kf1 Kf7 24. Nxc7 Rxe1+ 25. Kxe1 Ke7 26.
N7b5 a6 27. Nd4 g5 28. f3 Bd7 29. Ne4 g4 30. Kf2 gxf3 31. Kxf3 b5 32. b4 h5 33.
a3 h4 34. g3 hxg3 35. hxg3 Bf5 36. Nxf5+ Kd7 37. Nfxd6 Kc7 38. g4 Kd7 39. g5
Ke7 40. g6 Kf8 41. Nf6 Kg7 42. Nf5+ Kxf6 43. g7 Kf7 44. d6 Kg8 45. d7 Kh7 46.
g8=Q+ Kxg8 47. d8=Q+ Kf7 48. Qd7+ Kg6 49. Ne7+ Kf7 50. Kf4 Kf6 51. Qf5+ Kxe7
52. Qg6 Kd7 53. Qxa6 Ke7 54. Qc6 Kf7 55. Qd6 Kg7 56. Qe6 Kf8 57. Qd7 Kg8 58.
Kg5 Kf8 59. Kg6 1-0

[Event "Junior Online 4NCL Division 2"]
[Site "online"]
[Date "2020.08.20"]
[Round "1.155"]
[White "Heard, Tom"]
[Black "Datoo, Noor"]
[Result "1-0"]
[WhiteElo "1540"]
[BlackElo "1240"]
[PlyCount "67"]
[EventDate "2020.08.20"]
[WhiteTeam "KJCA Young Kestrels E"]
[BlackTeam "Leicestershire Juniors 2"]

1. e4 e5 2. Nf3 Nc6 3. Bc4 Nf6 4. d3 Bc5 5. c3 d5 6. exd5 Nxd5 7. Nbd2 Nf4 8.
O-O Bg4 9. Ne4 Bxf3 10. Qxf3 Bd6 11. g3 Nh3+ 12. Kg2 Ng5 13. Nxg5 f6 14. Nf7
Qd7 15. Nxh8 O-O-O 16. Nf7 Rf8 17. Nxd6+ Qxd6 18. Qf5+ Kb8 19. Qxh7 Na5 20.
Qxg7 Nxc4 21. dxc4 Qc6+ 22. Kg1 Rd8 23. b3 Qe4 24. Qxf6 Rg8 25. Be3 Qh7 26.
Rad1 b6 27. Qxe5 Rh8 28. h4 Rg8 29. Bf4 Rg7 30. Rd8+ Kb7 31. Qd5+ Ka6 32. Rb8
Qxh4 33. Qb7+ Ka5 34. Qxa7# 1-0

[Event "Junior Online 4NCL Division 2"]
[Site "online"]
[Date "2020.08.20"]
[Round "1.156"]
[White "Eradi, Madhav"]
[Black "Nguyen, Ryan"]
[Result "0-1"]
[WhiteElo "1292"]
[BlackElo "1540"]
[PlyCount "79"]
[EventDate "2020.08.20"]
[WhiteTeam "Leicestershire Juniors 2"]
[BlackTeam "KJCA Young Kestrels E"]

1. e4 c5 2. Nf3 d6 3. Bb5+ Bd7 4. Bxd7+ Nxd7 5. O-O Ngf6 6. Re1 g6 7. c3 Bg7 8.
d4 cxd4 9. cxd4 O-O 10. e5 dxe5 11. dxe5 Ne8 12. e6 fxe6 13. Rxe6 Rf6 14. Re2
Rd6 15. Rd2 Rxd2 16. Qxd2 Ndf6 17. Qxd8 Rxd8 18. Nc3 Ne4 19. Bf4 Nxc3 20. bxc3
Bxc3 21. Rb1 Nf6 22. h3 b6 23. Re1 Bxe1 24. Nxe1 Rd1 25. Kf1 Ra1 26. Be5 Rxa2
27. Bb8 a5 28. Bc7 b5 29. Be5 b4 30. g3 a4 31. Kg2 b3 32. Kf3 b2 33. Bxb2 Rxb2
34. Ke3 a3 35. Kd3 a2 36. Kc3 a1=Q 37. Kd3 Rxf2 38. Ke3 Rf5 39. Nd3 Qg1+ 40.
Ke2 0-1